Troy Basketball: Top 10 All-Time Leaders - Statistics

General Stats
  • This quiz has been taken 0 times
  • The average score is 0 of 86
Answer Stats
Category # Player Amount % Correct
Rebounds 4 Alex Hicks 676
0%
Blocks 7 Alex Hicks 87
0%
Three Pointers Made T7 Ben Fletcher 160
0%
Points Per Game 9 Ben Fletcher 13.4
0%
Rebounds 6 Bernard Toombs 445
0%
Blocks 8 Bernard Toombs 86
0%
Assists 8 B.J. Miller 264
0%
Steals 7 B.J. Miller 116
0%
Games T2 B.J. Miller 130
0%
Assists 5 Bobby Dixon 314
0%
Steals T4 Bobby Dixon 159
0%
Three Pointers Made 5 Bobby Dixon 181
0%
Points Per Game 5 Bobby Dixon 16.3
0%
Three Pointers Made 9 Boo Ramsey 145
0%
Points 6 Brandon Hazzard 1,255
0%
Three Pointers Made 4 Brandon Hazzard 209
0%
Field Goal Percent 3 Brandon Hazzard 43.1%
0%
Rebounds 10 Cameron Boozer 410
0%
Points Per Game 2 Cameron Boozer 16.9
0%
Assists 10 Christyon Eugene 233
0%
Steals 10 Christyon Eugene 100
0%
Games 8 Donnie Pemberton 111
0%
Assists 2 Greg Davis 408
0%
Steals 8 Greg Davis 114
0%
Assists 3 Herbert Evans 338
0%
Steals T4 Herbert Evans 159
0%
Games 4 Herbert Evans 118
0%
Three Pointers Made T7 Hunter Williams 160
0%
Three Pointers Made 6 Jacob Hazouri 173
0%
Blocks 10 Jarvis Acker 72
0%
Points 5 Jeff Black 1,276
0%
Rebounds 5 Jeff Black 640
0%
Steals 6 Jeff Black 137
0%
Blocks 6 Jeff Black 97
0%
Field Goal Percent 2 Jeff Black 45.2%
0%
Games 10 Jeff Black 105
0%
Assists 7 Jermaine Ball 279
0%
Rebounds 9 John Walton 422
0%
Points 2 Jordon Varnado 1,917
0%
Rebounds 1 Jordon Varnado 818
0%
Blocks 2 Jordon Varnado 147
0%
Field Goal Percent 1 Jordon Varnado 50.5%
0%
Points Per Game 3 Jordon Varnado 16.8
0%
Games T5 Jordon Varnado 114
0%
Rebounds 7 Kevin Thomas 442
0%
Points 9 Lamayn Wilson 1,018
0%
Points Per Game 1 Lamayn Wilson 17.3
0%
Blocks 9 Lovell Craig 81
0%
Three Pointers Made 10 Matt Holman 141
0%
Points Per Game 10 Matt Holman 13.4
0%
Assists 1 Michael Vogler 473
0%
Steals 2 Michael Vogler 173
0%
Rebounds 8 Nick Stampley 432
0%
Points 10 O'Darien Bassett 1,017
0%
Points Per Game 4 O'Darien Bassett 16.7
0%
Points 4 Rhodney Donaldson 1,363
0%
Assists 9 Rhodney Donaldson 252
0%
Steals 3 Rhodney Donaldson 162
0%
Three Pointers Made 2 Rhodney Donaldson 269
0%
Field Goal Percent 5 Rhodney Donaldson 38.5%
0%
Games 9 Rhodney Donaldson 108
0%
Points 3 Robert Rushing 1,533
0%
Assists 6 Robert Rushing 302
0%
Steals 1 Robert Rushing 203
0%
Three Pointers Made 3 Robert Rushing 258
0%
Field Goal Percent 6 Robert Rushing 38.4%
0%
Points Per Game 8 Robert Rushing 13.4
0%
Games T5 Robert Rushing 114
0%
Points 8 Rob Lewin 1,058
0%
Rebounds 3 Rob Lewin 694
0%
Steals 9 Rob Lewin 113
0%
Blocks 1 Rob Lewin 151
0%
Games T5 Rob Lewin 114
0%
Blocks 3 Sammy Sharp 107
0%
Blocks T4 Tom Jervis 105
0%
Points Per Game 7 Tote Christopher 14.9
0%
Points 1 Wesley Person Jr. 2,063
0%
Three Pointers Made 1 Wesley Person Jr. 361
0%
Field Goal Percent 4 Wesley Person Jr. 42.2%
0%
Points Per Game 6 Wesley Person Jr. 15.9
0%
Games T2 Wesley Person Jr. 130
0%
Assists 4 Will Weathers 326
0%
Points 7 Zay Williams 1,209
0%
Rebounds 2 Zay Williams 815
0%
Blocks T4 Zay Williams 105
0%
Games 1 Zay Williams 137
0%
No matching quizzes found
Score Distribution
Percent of People with Each Score
Percentile by Number Answered
Your Score History
You have not taken this quiz